<Der> ökonomische Wettstreit zwischen Sozialismus und Kapitalismus

Gespeichert in:
Bibliographische Detailangaben
1. Verfasser: Sieber, Rolf
Weitere Verfasser: Tittel, Gottfried
Format: Buch
Sprache:Deutsch
Veröffentlicht: Berlin Dietz 1988
Ausgabe:2. vollständig überarb. Aufl.
Tags: Tag hinzufügen
Keine Tags, Fügen Sie das erste Tag hinzu!

MARC

LEADER 00000nam a2200000 4500
001 c036718
005 20221219111214.8
041 0 |a ger 
044 |a DE 
245 1 0 |a <Der> ökonomische Wettstreit zwischen Sozialismus und Kapitalismus  |c Rolf Sieber, Gottfried Tittel 
250 |a 2. vollständig überarb. Aufl. 
264 1 |a Berlin  |b Dietz  |c 1988 
300 |a 142 s. 
100 1 |a Sieber, Rolf 
700 1 |a Tittel, Gottfried